000 00711nam a2200229Ia 4500
003 OSt
005 20220923225721.0
006 a|||||r|||| 00| 0
007 ta
008 Pun
024 _a274,062
037 _cTextual
040 _aARTS
_cARTS
_bPun
041 _2Pun
_aPun
082 _aO153:gN, [M1]
100 _aਸਿੰਘ, ਦੀਵਾਨ, ਥਦ.
245 0 _aਸਮਕਾਲੀ ਪੰਜਾਬੀ ਆਲੋਚਨਾ
260 _aਅੰਮ੍ਰਿਤਸਰ
_b ਨਾਨਕ ਸਿੰਘ ਪੁਸਤਕ ਮਾਲਾ
_c1981
650 _aਪੰਜਾਬੀ ਸਾਹਿਤ
942 _hO153:gN, [M1]
_cTEXL
_2CC
999 _c379962
_d379962